[Event "HSK Osteropen 2023"]
[Site "Hamburg"]
[Date "2023.04.08"]
[Round "3.9"]
[White "Bracker, Frank"]
[Black "Atri, Jamshid"]
[Result "1-0"]
[WhiteElo "2314"]
[BlackElo "1983"]
[PlyCount "75"]
[EventDate "2023.04.07"]

1. c4 Nf6 2. Nf3 e6 3. g3 d5 4. Bg2 Be7 5. O-O O-O 6. b3 c5 7. Bb2 Nc6 8. cxd5
exd5 9. d4 Bg4 10. dxc5 Bxc5 11. Nc3 Re8 12. Rc1 Bf8 13. h3 Be6 14. Ng5 Rc8 15.
Nxe6 fxe6 16. e3 a6 17. Qd3 Qd6 18. Rfd1 Red8 19. Ne2 e5 20. Qb1 Qe6 21. g4 g6
22. Ng3 e4 23. Ne2 g5 24. Qa1 Nd7 25. Nd4 Nxd4 26. Bxd4 Bd6 27. Qb2 Be5 28. Qd2
Rxc1 29. Rxc1 Rf8 {(=)} 30. Rc2 Bb8 31. Bb2 Be5 32. Ba3 Re8 33. Qb4 b6 34. Qd2
a5 35. Qe2 Bb8 36. Qb5 Ne5 37. Rd2 Nd3 38. Rxd3 1-0

[Event "HSK Osteropen 2023"]
[Site "Hamburg"]
[Date "2023.04.08"]
[Round "3.10"]
[White "Spiric, Igor"]
[Black "Porth, Hartmut"]
[Result "1-0"]
[WhiteElo "2259"]
[BlackElo "1961"]
[PlyCount "123"]
[EventDate "2023.04.07"]

1. Nf3 Nc6 2. e4 d6 3. h3 Nf6 4. Nc3 g6 5. d4 Bg7 6. Be3 O-O 7. Be2 a6 8. d5
Nb8 9. a4 b6 10. Nd4 Bb7 11. O-O c6 12. dxc6 Nxc6 13. Nxc6 Bxc6 14. e5 dxe5 15.
Qxd8 Rfxd8 16. Bxb6 Rdb8 17. a5 Nd7 18. Na4 Bxa4 19. Rxa4 Nxb6 20. axb6 Rxb6
21. b4 Rab8 22. Rb1 e4 23. Bxa6 Bc3 24. b5 e5 25. Rc4 Bd4 26. c3 Bxc3 27. Rxc3
Rxa6 28. Rc8+ Rxc8 29. bxa6 Ra8 30. Rb6 Kg7 31. g4 f5 32. g5 Kg8 33. h4 f4 34.
Kf1 Kf8 35. Ke2 Kg8 36. Kd2 Kf8 37. Kc3 Kg8 38. Kc4 e3 39. fxe3 f3 40. Kd3 Rd8+
41. Ke4 f2 42. Rf6 Ra8 43. Rxf2 Rxa6 44. Kxe5 Ra5+ 45. Kf4 Rf5+ 46. Kg3 Re5 47.
Kf3 h6 48. Rg2 Kf7 49. e4 hxg5 50. hxg5 Ra5 51. Kf4 Ra1 52. Rb2 Ra7 53. Rb6 Re7
54. Rf6+ Kg7 55. Rd6 Kf7 56. e5 Ra7 57. e6+ Ke7 58. Ke5 Ra5+ 59. Rd5 Ra6 60.
Rd7+ Ke8 61. Kf6 Rb6 62. Rh7 1-0

[Event "HSK Osteropen 2023"]
[Site "Hamburg"]
[Date "2023.04.08"]
[Round "3.11"]
[White "Schmitzer, Klaus"]
[Black "Neuendorf, Max"]
[Result "1-0"]
[WhiteElo "2238"]
[BlackElo "2000"]
[PlyCount "72"]
[EventDate "2023.04.07"]

1. e4 c5 2. Nf3 Nc6 3. d4 cxd4 4. Nxd4 e5 5. Nb5 d6 6. Bd3 Be7 7. O-O Be6 8. a4
Nf6 9. N1c3 a6 10. Na3 d5 11. exd5 Nxd5 12. Nxd5 Bxd5 13. Qg4 Bf6 14. Bc4 Bxc4
15. Nxc4 O-O 16. Be3 Nd4 17. c3 Nc2 18. Rad1 Nxe3 19. fxe3 Qc8 20. Qe4 Qe6 21.
Rd6 Qe7 22. Rb6 Rab8 23. Rd1 Rfd8 24. Rd5 Rxd5 25. Qxd5 h6 26. h3 Rd8 27. Qxb7
Qe8 28. Qc6 Rd1+ 29. Kh2 Qd8 30. Qe4 g6 31. Rxa6 Kh7 32. Ra7 Kg7 33. a5 Rf1 34.
Nxe5 Qd6 35. Qxg6+ Kh8 36. Ra8+ Bd8 1-0

[Event "HSK Osteropen 2023"]
[Site "Hamburg"]
[Date "2023.04.08"]
[Round "3.12"]
[White "Klaas, Heiko"]
[Black "Keyser, Robin"]
[Result "0-1"]
[WhiteElo "1965"]
[BlackElo "2144"]
[PlyCount "80"]
[EventDate "2023.04.07"]

1. e4 d6 2. d4 Nf6 3. Nc3 g6 4. Bc4 Bg7 5. Nf3 O-O 6. O-O Nxe4 7. Nxe4 d5 8.
Bd3 dxe4 9. Bxe4 Nd7 10. c3 c5 11. Be3 Nf6 12. Bc2 cxd4 13. Bxd4 b6 14. Re1 Bb7
15. Qe2 e6 16. Rad1 Qe7 17. Be5 Rfd8 18. Bb3 Qc5 19. Bxe6 Re8 20. Bh3 Nh5 21.
b4 Qe7 22. Rd7 Bxf3 23. Qxf3 Qf8 24. g4 Bxe5 25. gxh5 Bxh2+ 26. Kf1 Rxe1+ 27.
Kxe1 a5 28. hxg6 hxg6 29. Kf1 Rd8 30. Rb7 axb4 31. Be6 fxe6 32. Qh3 Qf6 33.
Qxh2 bxc3 34. Qc7 Rd1+ 35. Kg2 Qg5+ 36. Kf3 Rd3+ 37. Ke2 Qd2+ 38. Kf1 Qd1+ 39.
Kg2 Qg4+ 40. Kf1 Rd1# 0-1

[Event "HSK Osteropen 2023"]
[Site "Hamburg"]
[Date "2023.04.08"]
[Round "4.2"]
[White "Woelk, Tom-Frederic"]
[Black "Kull, Florian"]
[Result "1-0"]
[WhiteElo "2292"]
[BlackElo "2112"]
[PlyCount "25"]
[EventDate "2023.04.07"]

1. e4 e6 2. d4 d5 3. Nc3 dxe4 4. Nxe4 Nf6 5. Nxf6+ gxf6 6. Be3 Nc6 7. Nf3 Qe7
8. c3 Bg7 9. Qc2 b6 10. Bb5 Bb7 11. d5 exd5 12. Nd4 O-O-O 13. Bxc6 1-0

[Event "HSK Osteropen 2023"]
[Site "Hamburg"]
[Date "2023.04.08"]
[Round "4.3"]
[White "Bracker, Frank"]
[Black "Schell, Franz Jürgen"]
[Result "1-0"]
[WhiteElo "2314"]
[BlackElo "2068"]
[PlyCount "75"]
[EventDate "2023.04.07"]

1. Nf3 Nf6 2. c4 c5 3. g3 b6 4. Bg2 Bb7 5. O-O e6 6. Nc3 a6 7. d4 cxd4 8. Qxd4
d6 9. Bg5 Be7 10. Rfd1 Nbd7 11. Qd2 h6 12. Bf4 e5 13. Be3 Rc8 14. Nxe5 Bxg2 15.
Nxd7 Qxd7 16. Kxg2 Rxc4 17. Bd4 O-O 18. Bxf6 Qc6+ 19. Qd5 Bxf6 20. Qxc6 Rxc6
21. Nd5 Re8 22. Rd2 Re4 23. Rad1 Bd8 {(=)} 24. b3 a5 25. f3 Re5 26. f4 Re4 27.
Kf3 Re8 28. Ne3 Bc7 29. Nf5 Rc3+ 30. Rd3 Rc2 31. R1d2 Rxd2 32. Rxd2 Re6 33. Rc2
Bd8 34. Rc8 Re8 35. Nxd6 Rf8 36. Ke4 Be7 37. Rxf8+ Bxf8 38. Kd5 1-0

[Event "HSK Osteropen 2023"]
[Site "Hamburg"]
[Date "2023.04.08"]
[Round "4.4"]
[White "Keyser, Robin"]
[Black "Spiric, Igor"]
[Result "0-1"]
[WhiteElo "2144"]
[BlackElo "2259"]
[PlyCount "50"]
[EventDate "2023.04.07"]

1. d4 b6 2. Nf3 e6 3. c4 Bb7 4. g3 Nf6 5. Bg2 Bb4+ 6. Bd2 Bxd2+ 7. Qxd2 d6 8.
Nc3 Nbd7 9. O-O Ne4 10. Nxe4 Bxe4 11. Qf4 Nf6 12. Rfe1 Qe7 13. Rac1 Rd8 14. c5
O-O 15. cxd6 cxd6 16. Nd2 e5 17. dxe5 dxe5 18. Qh4 Bxg2 19. Kxg2 Rd4 20. Qg5
Qd7 21. Rc2 Qd5+ 22. f3 h6 23. Qf5 Ng4 24. e4 Ne3+ 25. Kh3 Qd8 0-1

[Event "HSK Osteropen 2023"]
[Site "Hamburg"]
[Date "2023.04.08"]
[Round "4.5"]
[White "Bracker, Arne"]
[Black "Kotyk, Michael"]
[Result "0-1"]
[WhiteElo "2254"]
[BlackElo "2012"]
[PlyCount "104"]
[EventDate "2023.04.07"]

1. e4 e5 2. Nf3 Nc6 3. Bb5 a6 4. Ba4 Be7 5. O-O Nf6 6. d3 b5 7. Bb3 O-O 8. Nc3
d6 9. a3 Na5 10. Ba2 Be6 11. b4 Nb7 12. Nd5 Nxd5 13. Bxd5 Bxd5 14. exd5 Qd7 15.
c4 c5 16. dxc6 Qxc6 17. Be3 bxc4 18. Rc1 c3 19. Qb3 Rac8 20. Rc2 Bf6 21. Rfc1
e4 22. dxe4 Qxe4 23. Bg5 Be5 {(=)} 24. Nxe5 Qxe5 25. Be3 d5 26. Rxc3 Rcd8 27.
g3 d4 28. Bf4 Qe4 29. Rd3 Nd6 30. f3 Qe2 31. Rd2 Qe7 32. Rxd4 Nb5 33. Rxd8 Rxd8
34. Be3 Re8 35. Bf2 Qg5 36. Rc2 Qe5 37. Kg2 h5 38. a4 Nd4 39. Bxd4 Qxd4 40. Qc4
Qd1 41. a5 Re6 42. Rf2 Qd7 43. Re2 Rf6 44. Qe4 Qd1 45. Qc2 Qd7 46. Rd2 Qe8 47.
Qd1 Qc6 48. Rd8+ Kh7 49. Qd5 Qc2+ 50. Kh3 Qf2 51. f4 Qf1+ 52. Kh4 Rxf4+ 0-1

[Event "HSK Osteropen 2023"]
[Site "Hamburg"]
[Date "2023.04.08"]
[Round "4.6"]
[White "Gerdau, Niklas"]
[Black "Schmitzer, Klaus"]
[Result "1-0"]
[WhiteElo "1804"]
[BlackElo "2238"]
[PlyCount "67"]
[EventDate "2023.04.07"]

1. d4 e6 2. c4 b6 3. e4 Bb7 4. Bd3 f5 5. exf5 Bxg2 6. Qh5+ g6 7. fxg6 Bg7 8.
gxh7+ Kf8 9. Ne2 Nf6 10. Qh4 Bxh1 11. Bg5 Nc6 12. Nf4 Nb4 13. Bg6 Ke7 14. Nh5
Qf8 15. Nd2 d6 16. f3 Kd7 17. Nxf6+ Kc8 18. O-O-O c5 19. d5 exd5 20. a3 Kb7 21.
axb4 cxb4 22. Rxh1 Rd8 23. Re1 dxc4 24. Qe4+ Kb8 25. Qe6 c3 26. Nd7+ Rxd7 27.
Qxd7 cxd2+ 28. Kxd2 Qxf3 29. Re8+ Rxe8 30. Qxe8+ Kc7 31. Qd8+ Kb7 32. Qd7+ Kb8
33. Qe8+ Kc7 34. Bd8+ 1-0

[Event "HSK Osteropen 2023"]
[Site "Hamburg"]
[Date "2023.04.08"]
[Round "4.8"]
[White "Plenca, Julijan"]
[Black "Zieher, Hartmut"]
[Result "0-1"]
[WhiteElo "2416"]
[BlackElo "2117"]
[PlyCount "114"]
[EventDate "2023.04.07"]

1. e4 e5 2. Nf3 Nc6 3. d4 exd4 4. Bc4 Nf6 5. e5 d5 6. Bb5 Ne4 7. Nxd4 Bd7 8.
Bxc6 bxc6 9. O-O Bc5 10. f3 Ng5 11. f4 Ne4 12. Be3 Bb6 13. Nd2 Nxd2 14. Qxd2 c5
15. Nf3 d4 16. Bf2 Bc6 17. Bh4 Qd5 18. f5 Kd7 19. Qg5 Kc8 20. b3 c4 21. Kh1 Kb7
22. Rad1 Rae8 23. Qg4 f6 24. e6 g5 25. fxg6 f5 26. bxc4 Qxc4 27. Qf4 hxg6 28.
e7 Qxc2 29. Bf6 Rhg8 30. Rc1 Qe4 31. Qd2 d3 32. Rce1 Qd5 33. Ne5 Ba5 34. Qb2+
Ka8 35. Rd1 d2 36. Nxc6 Qxc6 37. Qe5 Bb4 38. a3 Bd6 39. Qe6 Rh8 40. Bxh8 Rxh8
41. e8=Q+ Rxe8 42. Qb3 Re2 43. Qh3 Bxa3 44. Ra1 Bb4 45. Rg1 Re1 46. Qh8+ Kb7
47. Qd4 a5 48. Qd3 Qb6 49. Rf1 Qc5 50. Rb1 Ka7 51. h3 Qf2 52. Kh2 Qxf1 53. Qxf1
Rxf1 54. Rxf1 a4 55. Kg3 a3 56. Ra1 Kb6 57. Kf3 Bc3 0-1

[Event "HSK Osteropen 2023"]
[Site "Hamburg"]
[Date "2023.04.08"]
[Round "4.9"]
[White "Popvasilev, Kaloyan"]
[Black "Kort, Felix"]
[Result "1-0"]
[WhiteElo "2223"]
[BlackElo "1826"]
[PlyCount "101"]
[EventDate "2023.04.07"]

1. e4 e5 2. Nf3 Nc6 3. Nc3 Nf6 4. Bb5 Nd4 5. Bc4 Bc5 6. d3 d6 7. h3 c6 8. a3 h6
9. Nxd4 Bxd4 10. Ne2 Bb6 11. Ng3 O-O 12. Qf3 d5 13. Bb3 Be6 14. O-O Kh7 15. Re1
Ba5 16. Rd1 Qe7 17. Nf5 Bxf5 18. Qxf5+ g6 19. Qf3 d4 20. Rf1 b5 21. a4 a6 22.
Qe2 Bc7 23. f4 c5 24. fxe5 Bxe5 25. Bf4 Nd7 26. Bd5 Rab8 27. axb5 Rxb5 28. Rxa6
Rxb2 29. Ra7 Bxf4 30. Rxf4 Rb1+ 31. Kh2 Rb6 32. Qf3 Kg7 33. Rxf7+ Rxf7 34.
Qxf7+ Qxf7 35. Bxf7 Ne5 36. Bd5+ Kf6 37. Rc7 Rb5 38. Kg3 g5 39. h4 gxh4+ 40.
Kxh4 Ng6+ 41. Kh5 Nf4+ 42. Kxh6 Nxd5 43. exd5 Ke5 44. g4 Kxd5 45. g5 Rb2 46. g6
Rxc2 47. g7 Rg2 48. Rc8 Ke5 49. g8=Q Rxg8 50. Rxg8 Kf4 51. Re8 1-0

[Event "HSK Osteropen 2023"]
[Site "Hamburg"]
[Date "2023.04.08"]
[Round "4.10"]
[White "Hovhannisyan, Artur"]
[Black "Fabig, Holger"]
[Result "1-0"]
[WhiteElo "2198"]
[BlackElo "1990"]
[PlyCount "67"]
[EventDate "2023.04.07"]

1. e4 e6 2. d4 b6 3. c4 Bb7 4. Nc3 Bb4 5. f3 Qe7 6. Bd3 e5 7. d5 Bxc3+ 8. bxc3
d6 9. Ne2 Nd7 10. O-O Ngf6 11. Ng3 O-O-O 12. Be3 Rdg8 13. Qc2 h5 14. Nf5 Qf8
15. h4 Nh7 16. Qd2 Qd8 17. f4 Rf8 18. Nxg7 Qxh4 19. Nf5 Qd8 20. c5 dxc5 21. a4
a5 22. Rad1 Nhf6 23. fxe5 Nxe5 24. Bg5 Rhg8 25. Ng7 Neg4 26. Nxh5 Qd6 27. Bf4
Qe7 28. Ng3 Kb8 29. Nf5 Qd8 30. d6 cxd6 31. Nxd6 Ka7 32. Qe2 Nh5 33. Nxb7 Kxb7
34. Ba6+ 1-0

[Event "HSK Osteropen 2023"]
[Site "Hamburg"]
[Date "2023.04.08"]
[Round "4.11"]
[White "Kahlert, Thomas"]
[Black "Mandelkow, Elias"]
[Result "1-0"]
[WhiteElo "2160"]
[BlackElo "1811"]
[PlyCount "45"]
[EventDate "2023.04.07"]

1. d4 Nf6 2. Nf3 g6 3. g3 Bg7 4. Bg2 d5 5. O-O O-O 6. c4 c6 7. cxd5 cxd5 8. Nc3
Nc6 9. Ne5 Bf5 10. Bg5 Nd7 11. Nxd5 Ndxe5 12. dxe5 Bxe5 13. Rc1 Re8 14. Qd2 Qd7
15. Rfd1 Rad8 16. e4 Bg4 17. f3 Be6 18. Qf2 Kg7 19. Be3 Qc8 20. f4 Bb8 21. b4
Qd7 22. b5 Nb4 23. Qb2+ 1-0

[Event "HSK Osteropen 2023"]
[Site "Hamburg"]
[Date "2023.04.08"]
[Round "4.12"]
[White "Lu, Yunong Elias"]
[Black "Parvanyan, Alfred"]
[Result "0-1"]
[WhiteElo "1835"]
[BlackElo "2125"]
[PlyCount "74"]
[EventDate "2023.04.07"]

1. e4 c5 2. Nf3 Nc6 3. Bb5 g6 4. Bxc6 dxc6 5. O-O Bg7 6. c3 e5 7. h3 Ne7 8. Na3
O-O 9. d3 Qc7 10. Nc2 Rd8 11. Qe2 b6 12. Rd1 a5 13. d4 cxd4 14. cxd4 Ba6 15.
Qe1 exd4 16. Ncxd4 c5 17. Ne2 Rxd1 18. Qxd1 Rd8 19. Qe1 Nc6 20. Bf4 Qe7 21. Nc3
Nb4 22. Nd5 Nxd5 23. exd5 Qd7 24. d6 Re8 25. Qd1 a4 26. Qd5 Bb7 27. Qd2 a3 28.
Re1 Rxe1+ 29. Qxe1 Bxf3 30. gxf3 axb2 31. Qd1 Bd4 32. Qe1 Qe6 33. Be3 Qxd6 34.
Bxd4 Qxd4 35. Kg2 c4 36. a4 c3 37. Qb1 Qb4 0-1

[Event "HSK Osteropen 2023"]
[Site "Hamburg"]
[Date "2023.04.09"]
[Round "5.1"]
[White "Parvanyan, Ashot"]
[Black "Woelk, Tom-Frederic"]
[Result "1/2-1/2"]
[WhiteElo "2429"]
[BlackElo "2292"]
[PlyCount "89"]
[EventDate "2023.04.07"]

1. Nf3 d5 2. g3 Nf6 3. Bg2 e6 4. O-O c5 5. c4 d4 6. e3 Nc6 7. exd4 cxd4 8. d3
h6 9. Na3 Bc5 10. Re1 Nd7 11. Nd2 O-O 12. Ne4 Bb4 13. Re2 f5 14. Nd2 e5 15. Nc2
Bd6 16. Re1 Qf6 17. Rb1 a5 18. Qe2 Nc5 19. Nb3 Nd7 20. Qh5 a4 21. Nbxd4 Nxd4
22. Nxd4 Nc5 23. Nb5 Nxd3 24. Rd1 e4 25. Nxd6 Qxd6 26. Be3 Be6 27. b3 axb3 28.
Rxb3 Rf7 29. Rb6 Qe5 30. Rdb1 Bxc4 31. h4 Rxa2 32. Rxb7 Nxf2 33. Rb8+ Kh7 34.
R1b6 Qa1+ 35. Rb1 Ng4 36. Bxe4 Qe5 37. Qxg4 Qxe4 38. Qxe4 fxe4 39. Bf4 Kg6 40.
R1b7 Ra7 41. Rxf7 Rxf7 42. Rc8 Be6 43. Rc7 Bd7 44. Kf2 Kf5 45. Ke3 1/2-1/2

[Event "HSK Osteropen 2023"]
[Site "Hamburg"]
[Date "2023.04.09"]
[Round "5.2"]
[White "Kotyk, Michael"]
[Black "Bracker, Frank"]
[Result "1/2-1/2"]
[WhiteElo "2012"]
[BlackElo "2314"]
[PlyCount "138"]
[EventDate "2023.04.07"]

1. d4 Nf6 2. c4 e6 3. Nc3 Bb4 4. Qc2 O-O 5. e4 d6 6. Bd3 e5 7. d5 a5 8. Nge2 c6
9. h3 Na6 10. O-O Nc5 11. a3 Bxc3 12. Nxc3 cxd5 13. Nxd5 Nxd5 14. exd5 Nxd3 15.
Qxd3 Bd7 16. Be3 a4 17. f4 e4 18. Qxe4 Re8 19. Qd3 Rc8 20. f5 Qe7 21. Bd4 f6
22. Rac1 {(=)} Qe4 23. Qxe4 Rxe4 24. Rfd1 Bxf5 25. c5 dxc5 26. Rxc5 Rxc5 27.
Bxc5 Re2 28. Rd4 Bd7 29. Rb4 Re5 30. Rxb7 Rxd5 31. Bb4 Kf7 32. Bc3 Ke6 33. h4
Kf5 34. b3 Rd3 35. bxa4 Bc6 36. Rb3 Bxa4 37. Rb4 Bc6 38. Rc4 Bd5 39. Rd4 Rxc3
40. Rxd5+ Kg4 41. Kh2 Kxh4 42. Rd7 g5 43. Rxh7+ Kg4 44. Rh3 Rc2 45. Rg3+ Kh5
46. Rh3+ Kg6 47. Rb3 f5 48. Kg1 Kh5 49. Rf3 Kg4 50. Rd3 f4 51. Rb3 Ra2 52. Rc3
Kh4 53. Rh3+ Kg4 54. Rc3 Re2 55. Kf1 Rd2 56. Kg1 Rb2 57. Kf1 Rd2 58. Rb3 Ra2
59. Rc3 Kh5 60. g3 Kg4 61. gxf4 gxf4 62. a4 Rxa4 63. Rb3 Ra2 64. Rc3 Ra4 65.
Kf2 Rd4 66. Ra3 Rb4 67. Rc3 f3 68. Rc8 Rb2+ 69. Kf1 Kg3 1/2-1/2

[Event "HSK Osteropen 2023"]
[Site "Hamburg"]
[Date "2023.04.09"]
[Round "5.3"]
[White "Spiric, Igor"]
[Black "Avdic, Faris"]
[Result "1/2-1/2"]
[WhiteElo "2259"]
[BlackElo "2052"]
[PlyCount "36"]
[EventDate "2023.04.07"]

1. d4 Nf6 2. c4 Nc6 3. Nf3 e6 4. Nc3 Bb4 5. Qc2 d6 6. a3 Bxc3+ 7. Qxc3 Qe7 8.
Bg5 e5 9. d5 Nb8 10. Bxf6 Qxf6 11. c5 Nd7 12. cxd6 cxd6 13. e3 O-O 14. Be2 Qg6
15. Nh4 Qg5 16. Nf3 Qg6 17. Nh4 Qg5 18. Nf3 Qg6 1/2-1/2

[Event "HSK Osteropen 2023"]
[Site "Hamburg"]
[Date "2023.04.09"]
[Round "5.4"]
[White "Zieher, Hartmut"]
[Black "Gerdau, Niklas"]
[Result "1-0"]
[WhiteElo "2117"]
[BlackElo "1804"]
[PlyCount "37"]
[EventDate "2023.04.07"]

1. e4 c5 2. Nf3 e6 3. d4 cxd4 4. Nxd4 Nc6 5. Nc3 Qc7 6. Be3 a6 7. Qd2 b5 8.
O-O-O Bb7 9. f3 Nf6 10. g4 Na5 11. g5 Nh5 12. Kb1 Bb4 13. Ncxb5 Qc5 14. c3 Nc4
15. Bxc4 axb5 16. Bxb5 Bd5 17. exd5 Qxd5 18. a4 Bc5 19. Nc2 1-0

[Event "HSK Osteropen 2023"]
[Site "Hamburg"]
[Date "2023.04.09"]
[Round "5.5"]
[White "Günther, Patrick"]
[Black "Popvasilev, Kaloyan"]
[Result "1/2-1/2"]
[WhiteElo "2055"]
[BlackElo "2223"]
[PlyCount "49"]
[EventDate "2023.04.07"]

1. d4 Nf6 2. c4 e6 3. g3 d5 4. Bg2 Bb4+ 5. Bd2 a5 6. Qc2 O-O 7. Nf3 c5 8. cxd5
cxd4 9. Nxd4 exd5 10. O-O Qb6 11. e3 Nc6 12. Nxc6 bxc6 13. Nc3 Be6 14. Rfd1
Rfc8 15. Rac1 Nd7 16. h3 Bd6 17. Na4 Qc7 18. Bc3 f5 19. Qd2 Qb7 20. b3 Nb6 21.
Nxb6 Qxb6 22. Bd4 Qb4 23. Bc3 Qb6 24. Bd4 Qb4 25. Bc3 1/2-1/2

[Event "HSK Osteropen 2023"]
[Site "Hamburg"]
[Date "2023.04.09"]
[Round "5.7"]
[White "Schell, Franz Jürgen"]
[Black "Hovhannisyan, Artur"]
[Result "1/2-1/2"]
[WhiteElo "2068"]
[BlackElo "2198"]
[PlyCount "82"]
[EventDate "2023.04.07"]

1. c4 e5 2. g3 g6 3. Bg2 Bg7 4. Nc3 Ne7 5. e3 c6 6. d4 d6 7. Nf3 Qc7 8. O-O O-O
9. b3 f5 10. dxe5 dxe5 11. Ba3 Rd8 12. Qc2 e4 13. Nd4 a5 14. Rad1 Re8 15. Rd2
Na6 16. Rfd1 Nb4 17. Qb1 Kh8 18. Bf1 g5 19. Bb2 Ng6 20. a3 Nd3 21. Rxd3 exd3
22. Bxd3 Ne7 23. Qc2 Bd7 24. Qe2 g4 25. h3 Rad8 26. hxg4 fxg4 27. Ne4 Nf5 28.
Nxf5 Bxf5 29. Nf6 Bxd3 30. Rxd3 Rf8 31. Rxd8 Qxd8 32. Nxg4 Qe7 33. e4 Bxb2 34.
Qxb2+ Qg7 35. Qxg7+ Kxg7 36. Kf1 h5 37. Ne3 Re8 38. f3 Kf6 39. Ke2 Ke5 40. Nf5
b5 41. c5 Rg8 1/2-1/2

[Event "HSK Osteropen 2023"]
[Site "Hamburg"]
[Date "2023.04.09"]
[Round "5.8"]
[White "Hopson, Kevin Mike"]
[Black "Kahlert, Thomas"]
[Result "1-0"]
[WhiteElo "1968"]
[BlackElo "2160"]
[PlyCount "79"]
[EventDate "2023.04.07"]

1. e4 e5 2. Nf3 Nc6 3. d4 exd4 4. Nxd4 Nf6 5. Nxc6 bxc6 6. e5 Qe7 7. Qe2 Nd5 8.
h4 f6 9. c4 Ba6 10. Rh3 fxe5 11. Bg5 Nf6 12. Re3 Qb4+ 13. Nd2 O-O-O 14. a3 Qb6
15. b4 c5 16. Rb3 Qe6 17. bxc5 Bxc5 18. Rab1 d6 19. Ne4 Bb6 20. Qf3 Bb7 21.
Bxf6 Rdf8 22. c5 Rxf6 23. Qd3 Rf4 24. Ng5 Qf6 25. cxb6 axb6 26. f3 Rf8 27. g3
Rd4 28. Qe2 Qg6 29. Bh3+ Kb8 30. Bg4 h6 31. Ne6 Re8 32. Nxc7 Kxc7 33. Rxb6 Bc8
34. Rc6+ Kd8 35. Rxc8+ Ke7 36. Rb7+ Kf8 37. Rxe8+ Kxe8 38. Qb5+ Kf8 39. Rb8+
Ke7 40. Qd7+ 1-0

[Event "HSK Osteropen 2023"]
[Site "Hamburg"]
[Date "2023.04.09"]
[Round "5.9"]
[White "Parvanyan, Alfred"]
[Black "Nahnsen, Kenneth"]
[Result "1-0"]
[WhiteElo "2125"]
[BlackElo "2021"]
[PlyCount "55"]
[EventDate "2023.04.07"]

1. g3 d5 2. Bg2 e6 3. Nf3 Nf6 4. O-O Be7 5. c4 O-O 6. cxd5 exd5 7. d4 c6 8. Nc3
Bf5 9. Nh4 Be6 10. f4 Ne4 11. Bxe4 dxe4 12. f5 Bd5 13. Ng2 Nd7 14. Ne3 Nb6 15.
Qc2 Bf6 16. Qd1 Rc8 17. Ng4 Bg5 18. f6 gxf6 19. Bxg5 fxg5 20. Nf6+ Kg7 21. e3
Nd7 22. Qh5 Nxf6 23. Qxg5+ Kh8 24. Rxf6 Rg8 25. Qe5 Rg7 26. Raf1 Qc7 27. Rd6
Rd8 28. Rxd5 1-0

[Event "HSK Osteropen 2023"]
[Site "Hamburg"]
[Date "2023.04.09"]
[Round "5.10"]
[White "Dorendorf, Mika"]
[Black "Callsen, Niklas"]
[Result "1/2-1/2"]
[WhiteElo "1717"]
[BlackElo "2099"]
[PlyCount "59"]
[EventDate "2023.04.07"]

1. d4 Nf6 2. c4 g6 3. Nc3 Bg7 4. e4 d6 5. Be2 O-O 6. h3 c5 7. d5 e6 8. Be3 a6
9. Nf3 b5 10. cxb5 exd5 11. exd5 axb5 12. Bxb5 Ne4 13. Nxe4 Qa5+ 14. Qd2 Qxb5
15. Nxd6 Qxb2 16. Rc1 Rxa2 17. O-O Ba6 18. Rfd1 Qb3 19. Qe1 Nd7 20. Rd2 Bb2 21.
Rxb2 Qxb2 22. Bh6 Rb8 23. Nxf7 Qe2 24. N3e5 Nxe5 25. Nxe5 Re8 26. Qxe2 {(=)}
Rxe2 27. f4 c4 28. d6 Rd2 29. d7 Rxe5 30. fxe5 1/2-1/2

[Event "HSK Osteropen 2023"]
[Site "Hamburg"]
[Date "2023.04.09"]
[Round "5.11"]
[White "Bracker, Arne"]
[Black "Knaak, Michael"]
[Result "1-0"]
[WhiteElo "2254"]
[BlackElo "1840"]
[PlyCount "35"]
[EventDate "2023.04.07"]

1. e4 e5 2. Nf3 Nf6 3. d4 Nxe4 4. Bd3 Nc6 5. Nxe5 d5 6. Nxc6 bxc6 7. O-O Bd6 8.
Nd2 Nxd2 9. Bxd2 O-O 10. Qh5 f5 11. Rae1 g6 12. Qh6 Rf7 13. Bg5 Qf8 14. Qh4 h5
15. Bf4 Be7 16. Qg3 h4 17. Qxg6+ Rg7 18. Qh5 1-0

[Event "HSK Osteropen 2023"]
[Site "Hamburg"]
[Date "2023.04.09"]
[Round "5.12"]
[White "Schmitzer, Klaus"]
[Black "Atri, Jamshid"]
[Result "1-0"]
[WhiteElo "2238"]
[BlackElo "1983"]
[PlyCount "57"]
[EventDate "2023.04.07"]

1. e4 d6 2. d4 Nf6 3. Nc3 e5 4. Nge2 Be7 5. f3 O-O 6. Be3 c6 7. Qd2 b5 8. g4
Qa5 9. Ng3 Re8 10. h4 b4 11. Nce2 c5 12. d5 Nfd7 13. Nf5 Bf8 14. h5 Nb6 15.
Neg3 Ba6 16. b3 Bxf1 17. Kxf1 N8d7 18. g5 c4 19. g6 cxb3 20. cxb3 Nc5 21. Rd1
Qb5+ 22. Kg1 fxg6 23. hxg6 hxg6 24. Qh2 gxf5 25. Qh7+ Kf7 26. Qxf5+ Kg8 27. Rd2
Nbd7 28. Rdh2 Nf6 29. Qg6 1-0

[Event "HSK Osteropen 2023"]
[Site "Hamburg"]
[Date "2023.04.09"]
[Round "6.1"]
[White "Woelk, Tom-Frederic"]
[Black "Zieher, Hartmut"]
[Result "1-0"]
[WhiteElo "2292"]
[BlackElo "2117"]
[PlyCount "41"]
[EventDate "2023.04.07"]

1. d4 Nf6 2. c4 e6 3. Nc3 d5 4. cxd5 exd5 5. Bg5 c6 6. e3 h6 7. Bh4 Be7 8. Bd3
Ne4 9. Bxe7 Qxe7 10. Qc2 Nf6 11. Nf3 O-O 12. O-O-O b6 13. Rhg1 c5 14. Ne5 Nbd7
15. f4 Bb7 16. g4 g5 17. h4 cxd4 18. exd4 Rac8 19. hxg5 hxg5 20. Rh1 gxf4 21.
Qh2 1-0

[Event "HSK Osteropen 2023"]
[Site "Hamburg"]
[Date "2023.04.09"]
[Round "6.2"]
[White "Spiric, Igor"]
[Black "Parvanyan, Ashot"]
[Result "1/2-1/2"]
[WhiteElo "2259"]
[BlackElo "2429"]
[PlyCount "75"]
[EventDate "2023.04.07"]

1. d4 Nf6 2. c4 c5 3. e3 g6 4. Nf3 Bg7 5. Nc3 O-O 6. d5 e6 7. e4 exd5 8. exd5
d6 9. h3 Re8+ 10. Be2 Bf5 11. O-O Ne4 12. Nxe4 Bxe4 13. Nd2 Bf5 14. g4 Bc2 15.
Qxc2 Rxe2 16. Qd3 Qe7 17. Nf3 Nd7 18. Rb1 Qe4 19. Qxe4 Rxe4 20. b3 a6 21. Re1
Rxe1+ 22. Nxe1 b5 23. Bf4 Ne5 24. Bxe5 Bxe5 25. Nf3 Bf6 26. a4 Rb8 27. axb5
axb5 28. cxb5 Rxb5 29. Nd2 Bg5 30. Nc4 Bf4 31. Kg2 g5 32. Kf3 Kg7 33. h4 h6 34.
h5 Rb8 35. Ke4 Re8+ 36. Kd3 f5 37. f3 Kf6 38. Ra1 1/2-1/2

[Event "HSK Osteropen 2023"]
[Site "Hamburg"]
[Date "2023.04.09"]
[Round "6.3"]
[White "Bracker, Frank"]
[Black "Hopson, Kevin Mike"]
[Result "1-0"]
[WhiteElo "2314"]
[BlackElo "1968"]
[PlyCount "63"]
[EventDate "2023.04.07"]

1. c4 e6 2. g3 d5 3. Bg2 Nf6 4. Nf3 Be7 5. O-O O-O 6. b3 b6 7. Bb2 Bb7 8. e3 c5
9. Nc3 Nc6 10. cxd5 Nxd5 11. d4 Nxc3 12. Bxc3 Ba6 13. Re1 Rc8 14. Rc1 cxd4 15.
Nxd4 Nxd4 16. Bxd4 Bf6 17. Rxc8 Bxc8 18. Bxf6 Qxf6 19. Qc2 Rd8 20. Rc1 g6 21.
b4 Qe7 22. b5 Bb7 23. Bc6 Bxc6 24. bxc6 Qd6 25. a4 Rc8 26. Qc4 Rc7 27. e4 e5
28. Qd5 Qf6 29. Qd7 Qg5 30. Qxc7 Qxc1+ 31. Kg2 Qc4 32. Qb8+ 1-0

[Event "HSK Osteropen 2023"]
[Site "Hamburg"]
[Date "2023.04.09"]
[Round "6.5"]
[White "Avdic, Faris"]
[Black "Parvanyan, Alfred"]
[Result "0-1"]
[WhiteElo "2052"]
[BlackElo "2125"]
[PlyCount "56"]
[EventDate "2023.04.07"]

1. d4 Nf6 2. c4 g6 3. Nc3 d5 4. cxd5 Nxd5 5. Bd2 Bg7 6. e4 Nxc3 7. Bxc3 O-O 8.
Qd2 b6 9. Nf3 Bb7 10. Bd3 Nd7 11. O-O-O Nf6 12. Qe2 Qc8 13. Ne5 c5 14. d5 e6
15. d6 Rd8 16. Nf3 c4 17. Bc2 Qc5 18. Rhe1 Ng4 19. Bxg7 Kxg7 20. Rd4 c3 21. h3
cxb2+ 22. Kxb2 Ne5 23. Red1 Rxd6 24. Rxd6 Nc4+ 25. Kb1 Nxd6 26. Nd4 Rc8 27. Nb3
Qe5 28. Bd3 Nxe4 0-1